• 首页
  • 本馆介绍
  • 公告通知
  • 最新文献
  • 馆藏检索
  • 电子资源
  • 读者导购
  • 参考咨询
  • 我的图书馆
  • 登录
  • 详细信息显示
  • 放入我的书架
  • 预约/预借图书
  • 作者相关作品
  • 分类相关作品
  • 丛书相关作品
  • 出版社相关作品

书目信息

  • 表格格式
  • 工作单格式
  • 卡片格式
题名:
广播体操
    
 
作者: 马丽婷 著
分册:  
出版信息: 天津   天津人民美术出版社  2016.12
页数: 122页
开本: 23cm
丛书名: 图说全民健身体育运动丛书
单 册:
中图分类: G831.1
科图分类:
主题词: 广播体操--中国
电子资源:
ISBN: 978-7-5305-7759-2
000 00867nam 2200265 45
001 012001001118
005 20130910150444.0
010    @a978-7-5305-7759-2@dCNY28.80
099    @aCAL 012018138881
100    @a20171110d2016 em y0chiy0110 ea
101 0  @achi
102    @aCN@b120000
105    @aa z 000yy
106    @ar
200 1  @a广播体操@f马丽婷著@Aguang bo ti cao
210    @a天津@c天津人民美术出版社@d2016.12
215    @a122页@c彩图@d23cm
225 2  @a图说全民健身体育运动丛书@ATu Shuo Quan Min Jian Shen Ti Yu Yun Dong Cong Shu
330    @a本书共分三章,内容包括:广播体操、第九套广播体操、第三套全国中小学生广播体操——七彩阳光。
461  0 @12001 @a图说全民健身体育运动丛书
606 0  @a广播体操@y中国
690    @aG831.1@v5
701  0 @a马丽婷@4著@Ama li ting
801    @aCN@b江苏凤凰@c20211018
905    @b1342269-71@dG831.1@e224@f3
    
    广播体操/马丽婷著.-天津:天津人民美术出版社,2016.12
    122页:彩图;23cm.-(图说全民健身体育运动丛书)
    
    
    ISBN 978-7-5305-7759-2:CNY28.80
    本书共分三章,内容包括:广播体操、第九套广播体操、第三套全国中小学生广播体操——七彩阳光。
●
相关链接 在E读中查询图书 在五车中查询图书 在当当中查询图书 在豆瓣中查询图书


正题名:广播体操     索取号:G831.1/224         预约/预借

序号 登录号 条形码 馆藏地/架位号 状态 备注
1 1342269   213422697   第一样本阅览室/ [索取号:G831.1/224] 在馆    
2 1342270   213422704   第四借阅区/ [索取号:G831.1/224] 在馆    
3 1342271   213422713   第四借阅区/ [索取号:G831.1/224] 在馆    
唐山师范学院图书馆 欢迎您!
大连网信软件有限公司© 版权所有